Fluxo de energia (Record no. 142475)

MARC details
000 -LÍDER
campo de controle de tamanho fixo 00764 a2200181 4500
001 - NÚMERO DE CONTROLE
campo de controle 142475
040 ## - FONTE DA CATALOGAÇÃO
Instituição que transcreveu o registro Leonardo Da Vinci
041 ## - CÓDIGO DE IDIOMA
Código do idioma do texto/trilha sonora ou título diferente Português
082 ## - CDD - CLASSIFICAÇÃO DECIMAL DE DEWEY
Número de Classificação v217
100 ## - ENTRADA PRINCIPAL--NOME PESSOAL
Nome pessoal EDUCACIONAL SHOP VIDEO
245 ## - TÍTULO
Título Fluxo de energia
Restante do título o programa computadorizado mostra a transferência energética do<br/>nível celular para o global
250 ## - EDIÇÃO
Edição v.1-2
260 ## - PUBLICAÇÃO, DISTRIBUIÇÃO, ETC.
Nome do editor, distribuidor, etc. ESV
Local de publicação, distribuição, etc. São Paulo
490 ## - TÍTULO DA SÉRIE
Título da série TV Ontario
520 ## - NOTA DE RESUMO, ETC
Resumo, etc. Este vídeo abrange um tema muito importante no curso de Biologia:<br/>o fluxo de energia no mundo dos seres vivos
697 ## - ENTRADA DE ASSUNTO LOCAL--ENTIDADE COLETIVA (RLIN)
Nome corporativo ou nome da jurisdição Biologia
-- Energia
-- Conceito de fluxo de energia
-- Fotossíntese
-- Fluxo de energia no ecossistema
-- Fluxo de energia no nível celular
-- Fluxo de energia na agricultura
-- Fluxo de energia na biosfera
942 ## - ELEMENTOS DE ENTRADA ADICIONADOS (KOHA)
Tipo de material Koha Materiais visuais
Holdings
Situação do descarte Situação das perdas Situação física Não pode ser emprestado Biblioteca de origem Biblioteca atual Data de aquisição Total de empréstimos Número de chamada completo Código de barras Data de último acesso Data do preço efetivo Tipo de material Koha
        Leonardo Da Vinci - Alphaville 1 Leonardo Da Vinci - Alphaville 1 27/03/2024   v217 A0223LVA 27/03/2024 27/03/2024 Materiais visuais